Bilecik Bilecik Bilecik Bilecik Bilecik

Türk musikîsinin nazariye ve esasları/ (Record no. 52782)

MARC details
000 -BAŞLIK
Sabit Uzunluktaki Kontrol Alanı 01138nam a22003377a 4500
001 - KONTROL NUMARASI
Control Dosyası 0052968
003 - KONTROL NUMARASI KİMLİĞİ
Kontrol Alanı KOHA_MİRAKIL
005 - EN SON İŞLEM TARİHİ ve ZAMANI
Kontrol Alanı 20260207003902.0
007 - FİZİKSEL TANIM SABİT ALAN - GENEL BİLGİ
Sabit uzunluklu kontrol alanı ta
008 - SABİT UZUNLUKTAKİ VERİ ÖGELERİ - GENEL BİLGİ
Sabit Alan 150629b2013 tu a|||gr||||#||||0|tur |
020 ## - ISBN - ULUSLARARASI STANDART KİTAP NUMARASI
Isbn 9786053607557
Nitelik bilgileri
040 ## - KATALOGLAMA KAYNAĞI
Özgün Kataloglama Kurumu TR-BiSEU
Kataloglama Dili tur
Çeviri Kurumu TR-BiSEU
Açıklama Kuralları rda
041 0# - DİL KODU
Metin ya da ses kaydının dil kodu tur
044 ## - YAYINLAYAN/ÜRETEN KURULUŞUN ÜLKE KODU
ISO country code tu
050 ## - SINIFLAMA ve YER NUMARASI
Sınıflama Numarası ML345.T8
Yer Numarası K37 2013
100 1# - KİŞİ ADI
Yazar Adı (Kişi adı) Karadeniz, M. Ekrem.
245 1# - ESER ADI BİLDİRİMİ
Başlık Türk musikîsinin nazariye ve esasları/
Sorumluluk Bildirimi M. Ekrem Karadeniz ; M. Ekrem Karadeniz.
264 #1 - ÜRERİM, YAYIN, DAĞITIM ve TELİF BİLDİRİMİ
Yayın yeri İstanbul :
Yayınlayan Türkiye İş Bankası Kültür Yayınları
Yayın tarihi 2013
300 ## - FİZİKSEL TANIMLAMA
Sayfa, Cilt vb. 803 sayfa :
Diğer fiziki detaylar resimli ;
Boyutları 28 cm.
336 ## - İÇERİK TÜRÜ
Content type term metin
Content type code txt
Source rdacontent
337 ## - MEDYA TÜRÜ
Media type term aracısız
Media type code n
Source rdamedia
338 ## - TAŞIYICI TÜRÜ
Carrier type term cilt
Carrier type code nc
Source rdacarrier
490 1# - DİZİ BİLDİRİMİ
Dizi Bildirimi Türkiye İş Bankası Kültür yayınları genel yayın ;
Cilt Numarası 238
500 ## - GENEL NOT
Genel Not Dizin var.
650 #0 - KONU BAŞLIĞI EK GİRİŞ - KONU TERİMİ
Konusal terim veya coğrafi ad Music--Turkey--Theory.
9 (RLIN) 81624
650 #0 - KONU BAŞLIĞI EK GİRİŞ - KONU TERİMİ
Konusal terim veya coğrafi ad Music--Turkey.
9 (RLIN) 63331
650 #0 - KONU BAŞLIĞI EK GİRİŞ - KONU TERİMİ
Konusal terim veya coğrafi ad Songs, Turkish--Turkey.
9 (RLIN) 66909
650 #0 - KONU BAŞLIĞI EK GİRİŞ - KONU TERİMİ
Konusal terim veya coğrafi ad Folk songs, Turkish--Turkey.
9 (RLIN) 40114
830 1# - SERİ EK GİRİŞİ - TEKBİÇİM ESER ADI
Tekbiçim Başlık Türkiye İş Bankası Kültür yayınları genel yayın ;
Volume number/sequential designation 238
9 (RLIN) 6398
942 ## - EK GİRİŞ ÖGELERİ (KOHA)
Source of classification or shelving scheme Library of Congress Classification
Koha item type Book
Holdings
Materyal Türü Kalıcı Konum Mevcut Konum Raf Yeri Sınıflandırma Kaynağı Edinim Bilgisi Ana Konular Alt Konular Yer Numarası Demirbaş Numarası Fatura Tarihi Maliyet, Alış Fiyatı Maliyet, Yenileme Fiyatı Geri Çekilme Durumu Kayıp Durumu Hasarlı Durumu Kredi için değil Kayıt Tarih Toplam Ödünçverme Son Görülme Tarihi Son Kontrol Tarihi Satın Alma Notu
Book Prof. Dr. Azmi Özcan Kütüphanesi Prof. Dr. Azmi Özcan Kütüphanesi Uluğbey Salonu Library of Congress Classification Satın MÜZİK Müzik Edebiyatı ML345.T8 K37 2013 0052968 07/07/2015 37.22 37.22         29/06/2015   05/12/2024 05/12/2024 B-984687 - B-984797